01239cam a2200241Mi 4500003000900000005001700009007001500026008004100041020001800082035007500100040004400175041000800219245008400227260006100311300001800372504005300390520034900443546002200792650006600814650005300880700002800933700003600961Co-BoUCM20161110152950.0cr |n||||||a||1610 s2014 xxu frb 101 0 eng d a9780198729327 a(OCoLC)907221599z(OCoLC)905649615z(OCoLC)908721849z(OCoLC)953456632 aCo-BoUCMbspacSaul NiñodSaul Niño0 aeng00aPrivate law and the rule of lawceditado por Lisa M. Austin and Dennis Klimchuk aNew York (Estados Unidos)bOxford University Pressc2014 a353 páginas aIncluye referencias bibliográficas e índices8 aThe rule of law is widely perceived to be a public law doctrine, concerned with the way governmental authority conforms to dictates of law. This book explores the idea that the rule of law instead concerns the conditions under which any relationship - that among citizens as well as that between citizens and the state - becomes subject to law. aTexto en inglés 7aEstado de derecho xFilosofíavCongresos, conferencias, etc 7aDerecho público vCongresos, conferencias, etc1 aAustin, Lisa M.eeditor1 aKlimchuk, Dennisd1967-eeditor